000
00204nam a2200085Ia 4500
008
170620s9999 xx 000 0 und d
100
_a
Commercial
245
4
_a
The Industrial Disputes act
260
_b
Central Law Pub.
260
_c
2001
999
_c
28565
_d
28565